Code judiciaire : principales conventions internationales en matière de procédure civile et dispositions de droit judiciaire contenues dans des textes particuliers /

Saved in:
Bibliographic Details
Corporate Author: Belgium.
Other Authors: Kohl, Alphonse., Block, Guy.
Format: Book
Language:French
Published: Bruxelles : Bruylant, 2004.
Edition:4e éd.
Series:Codes en poche.
Subjects:
Tags: Add Tag
No Tags, Be the first to tag this record!
LEADER 01041cam a22003254a 4500
001 009842657-5
005 20060420124022.0
008 041005s2004 be l 001 0 fre d
020 |a 2802718657 
035 0 |a ocm61740149 
040 |a CtYL  |d CtYL  |d MH-L 
043 |a e-be--- 
050 4 |a KJK1572.A311967  |b A4 2004 
110 1 |a Belgium. 
245 1 0 |a Code judiciaire :  |b principales conventions internationales en matière de procédure civile et dispositions de droit judiciaire contenues dans des textes particuliers /  |c par Alphonse Kohl et Guy Block. 
250 |a 4e éd. 
260 |a Bruxelles :  |b Bruylant,  |c 2004. 
300 |a 1377 p. ;  |c 19 cm. 
490 1 |a Codes en poche 
500 |a Includes index. 
500 |a "Textes en vigueur au 1er janvier 2004." 
650 0 |a Courts  |z Belgium. 
650 0 |a Judges  |z Belgium. 
650 0 |a Civil procedure  |z Belgium. 
655 7 |a Statutes and codes.  |2 lcgft 
700 1 |a Kohl, Alphonse. 
700 1 |a Block, Guy. 
830 0 |a Codes en poche. 
988 |a 20060109 
906 |0 OCLC